Đánh giá hiệu quả đào tạo nghề nông nghiệp cho lao động nông thôn tại tỉnh Bạc Liêu : Luận văn tốt nghiệp Cao học. Chuyên ngành Phát triển nông thôn
Đề tài thực hiện nhằm phân tích, đánh giá thực trạng đào tạo nghề nông nghiệp giai đoạn 2011-2015; đề xuất giải pháp nâng cao hiệu quả đào tạo nghề nghề nông nghiệp giai đoạn 2016-2020 tại tỉnh Bạc Liêu...
Bewaard in:
| Hoofdauteur: | |
|---|---|
| Formaat: | Boek |
| Taal: | Undetermined |
| Gepubliceerd in: |
Cần Thơ
Trường Đại học Cần Thơ
2016
|
| Onderwerpen: | |
| Tags: |
Voeg label toe
Geen labels, Wees de eerste die dit record labelt!
|
| Thư viện lưu trữ: | Trung tâm Học liệu Trường Đại học Cần Thơ |
|---|
| LEADER | 01207nam a2200229Ia 4500 | ||
|---|---|---|---|
| 001 | CTU_216603 | ||
| 008 | 210402s9999 xx 000 0 und d | ||
| 082 | |a 338.16 | ||
| 082 | |b Đ305 | ||
| 088 | |a 60620116 | ||
| 100 | |a Lê, Minh Điền | ||
| 245 | 0 | |a Đánh giá hiệu quả đào tạo nghề nông nghiệp cho lao động nông thôn tại tỉnh Bạc Liêu : | |
| 245 | 0 | |b Luận văn tốt nghiệp Cao học. Chuyên ngành Phát triển nông thôn | |
| 245 | 0 | |c Lê Minh Điền ; Dương Ngọc Thành (Hướng dẫn khoa học) | |
| 260 | |a Cần Thơ | ||
| 260 | |b Trường Đại học Cần Thơ | ||
| 260 | |c 2016 | ||
| 520 | |a Đề tài thực hiện nhằm phân tích, đánh giá thực trạng đào tạo nghề nông nghiệp giai đoạn 2011-2015; đề xuất giải pháp nâng cao hiệu quả đào tạo nghề nghề nông nghiệp giai đoạn 2016-2020 tại tỉnh Bạc Liêu | ||
| 650 | |a Agriculture,Nông nghiệp | ||
| 650 | |x Economic aspects,Khía cạnh kinh tế | ||
| 904 | |i Tươi,Hải | ||
| 980 | |a Trung tâm Học liệu Trường Đại học Cần Thơ | ||